000 00495nam a2200181Ia 4500
003 GCL
008 140319s9999 xx 000 0 ara d
040 _aGCL /
_cGCL
082 0 4 _a843.03
_bم و
100 1 _aموروا , اندرية
245 1 0 _aوجوة الحب السبعة /
_cموروا , اندرية
300 _a174 ص
490 _aكتابى
_v0
650 0 4 _aالادب الفرنسى
650 0 4 _aالقراءة
650 0 4 _aالقصص الفرنسية
942 _2ddc
_cBK
999 _c46279
_d46279